| 000 | 01923cam a2200421 i 4500 | ||
|---|---|---|---|
| 001 | 59395 | ||
| 003 | CO-BoRNBP | ||
| 005 | 20251007224113.0 | ||
| 007 | ta | ||
| 008 | 230510s2019 ck ao gr 110 0 spa | ||
| 020 | _a9789589953945 | ||
| 040 |
_aCO-BoBN _bspa _erda _cCO-BoBN |
||
| 041 | 0 | _aspa | |
| 043 |
_acl----- _bs-ck--- |
||
| 082 | 0 | 4 |
_a781.6200798 _223 |
| 111 | 2 |
_aTorneo Internacional del Joropo Miguel Ángel Martín _n(51o. : _d2019 : _cVillavicencio), _965435 |
|
| 245 | 1 | 0 |
_a51 Torneo Internacional del Joropo Miguel Ángel Martín : _bhomenaje a Walter Silva / _ctextos, Julián Isaza Niño [y otros cuatro] ; fotografía, Constantino Castelblanco Quintana [y cuatro] |
| 246 | 0 | _aQuincuagésimo Primer Torneo Internacional del Joropo Miguel Ángel Martín | |
| 250 | _aPrimera edición | ||
| 264 | 1 |
_a[Colombia] : _bCirpa : _bGobernación del Meta, _c2019 |
|
| 300 |
_a197 páginas : _bilustraciones y fotografías a color ; _c31 cm + _e1 memoria USB |
||
| 336 |
_aTexto _btxt _2rdacontent |
||
| 337 |
_aSin mediación _bn _2rdamedia |
||
| 338 |
_aVolumen _bnc _2rdacarrier |
||
| 650 | 1 | 4 |
_aJoropo (Música) _zAmérica Latina _ySiglo XXI _vConcursos _2LEMB _965436 |
| 650 | 2 | 4 |
_aJoropo (Danza) _zAmérica Latina _ySiglo XXI _vConcursos _2LEMB _965437 |
| 650 | 2 | 4 |
_aMúsica llanera _zAmérica Latina _ySiglo XXI _vConcursos _2LEMB _965438 |
| 650 | 2 | 4 |
_aMúsica folclórica latinoamericana _ySiglo XXI _vConcursos _2LEMB _965439 |
| 650 | 2 | 4 |
_aFestivales de música _zColombia _ySiglo XXI _2LEMB _965440 |
| 651 | 4 |
_aMeta _xHistoria _ySiglo XIX _965441 |
|
| 700 | 1 |
_aMoreno Riaño, Jhon Emerson, _d1978-, _eautor _950728 |
|
| 700 | 1 |
_aOrtegón, Carlos César, _d1964-, _eautor _965442 |
|
| 700 | 1 |
_aUsme Andrade, Cielo Isabel, _eautora _965443 |
|
| 700 | 1 |
_aRobayo Sanabria, Darío, _eautor _965444 |
|
| 700 | 1 |
_aCastelblanco Quintana, Constantino, _efotógrafo _965445 |
|
| 942 |
_2ddc _cBK |
||
| 990 |
_a2023-3244 _bFundación Cirpa |
||
| 999 |
_c59395 _d59395 |
||